| 000 | 00569nam a22001697a 4500 | ||
|---|---|---|---|
| 005 | 20260301143722.0 | ||
| 010 | _aBACEN26 | ||
| 020 |
_a9789391395704 _c695.00 |
||
| 037 | _bKumar Book Agency | ||
| 082 | _a000 | ||
| 245 |
_a18 Years Solved Questions Papers UPSC General Studies/ _cEdited By M.V Malhotra |
||
| 260 |
_aNew Delhi _bDoaba Publications _c2025 |
||
| 270 |
_aShanti Mohan House, 16 ansari Road, Daryganj _bNew Delhi _e110002 _k9811192295 |
||
| 300 |
_a493p _c21cm(pb) |
||
| 500 | _aGeneral Studies Paper-I | ||
| 942 |
_2ddc _cEN _mYEA _h000 |
||
| 999 |
_c215163 _d215163 |
||